<?xml version='1.0' encoding='UTF-8'?>
  <record xmlns="http://www.loc.gov/MARC21/slim">
    <leader>00000cam a2200000 i 4500</leader>
    <controlfield tag="001">ocn781811575</controlfield>
    <controlfield tag="003">OCoLC</controlfield>
    <controlfield tag="005">20250528190908.1</controlfield>
    <controlfield tag="008">861002m17151716be            000 0 dut d</controlfield>
    <datafield tag="040" ind1=" " ind2=" ">
      <subfield code="a">NLGGC</subfield>
      <subfield code="b">dut</subfield>
      <subfield code="e">fobidrtb</subfield>
      <subfield code="c">NLGGC</subfield>
      <subfield code="d">L2U</subfield>
      <subfield code="d">OCLCO</subfield>
      <subfield code="d">OCLCL</subfield>
      <subfield code="d">OCLCQ</subfield>
    </datafield>
    <datafield tag="029" ind1="0" ind2=" ">
      <subfield code="a">NLGGC</subfield>
      <subfield code="b">86435164X</subfield>
    </datafield>
    <datafield tag="035" ind1=" " ind2=" ">
      <subfield code="a">(OCoLC)781811575</subfield>
    </datafield>
    <datafield tag="041" ind1="1" ind2=" ">
      <subfield code="a">dut</subfield>
      <subfield code="h">lat</subfield>
    </datafield>
    <datafield tag="072" ind1=" " ind2="7">
      <subfield code="a">a</subfield>
      <subfield code="2">odfysin</subfield>
    </datafield>
    <datafield tag="072" ind1=" " ind2="7">
      <subfield code="a">b</subfield>
      <subfield code="2">odfysin</subfield>
    </datafield>
    <datafield tag="072" ind1=" " ind2="7">
      <subfield code="a">i</subfield>
      <subfield code="2">odfysin</subfield>
    </datafield>
    <datafield tag="072" ind1=" " ind2="7">
      <subfield code="a">j</subfield>
      <subfield code="2">odfysin</subfield>
    </datafield>
    <datafield tag="072" ind1=" " ind2="7">
      <subfield code="a">x</subfield>
      <subfield code="2">odfysin</subfield>
    </datafield>
    <datafield tag="072" ind1=" " ind2="7">
      <subfield code="a">z</subfield>
      <subfield code="2">odfysin</subfield>
    </datafield>
    <datafield tag="084" ind1=" " ind2=" ">
      <subfield code="a">248.2</subfield>
      <subfield code="2">siso</subfield>
    </datafield>
    <datafield tag="084" ind1=" " ind2=" ">
      <subfield code="a">11.50</subfield>
      <subfield code="2">bcl</subfield>
    </datafield>
    <datafield tag="100" ind1="1" ind2=" ">
      <subfield code="a">Heussen, Hugo van</subfield>
      <subfield code="q">(Hugo Franciscus),</subfield>
      <subfield code="d">1654-1719.</subfield>
      <subfield code="1">https://id.oclc.org/worldcat/entity/E39PBJqfMRdBFpb9dFWJJHqRKd</subfield>
    </datafield>
    <datafield tag="245" ind1="1" ind2="0">
      <subfield code="a">Batavia sacra, of kerrelyke historie en oudheden van Batavia, :</subfield>
      <subfield code="b">behelzende de levens van onze eerste geloofsverkondigers; mitsgaders van de Utregtsche bisschoppen ... /</subfield>
      <subfield code="c">In 't Latijn beschreeven door T.S.F. H.L.H. etc. ; Vertaald en met aantekeningen opgehelderd door H. F. R.</subfield>
    </datafield>
    <datafield tag="246" ind1="3" ind2=" ">
      <subfield code="a">Batavia sacra</subfield>
    </datafield>
    <datafield tag="246" ind1="3" ind2=" ">
      <subfield code="a">Oudheden en Gestichten van Nederland</subfield>
    </datafield>
    <datafield tag="246" ind1="3" ind2=" ">
      <subfield code="a">Batavia sacra, of kerkelyke historie en oudheden van Batavia</subfield>
    </datafield>
    <datafield tag="260" ind1=" " ind2=" ">
      <subfield code="a">T' Antwerpen, :</subfield>
      <subfield code="b">voor Christianus Vermey [te Leiden],</subfield>
      <subfield code="c">1715-1716.</subfield>
    </datafield>
    <datafield tag="300" ind1=" " ind2=" ">
      <subfield code="a">3 dl. :</subfield>
      <subfield code="b">ill., gegrav. titelbl., portr. ;</subfield>
      <subfield code="c">in-8.</subfield>
    </datafield>
    <datafield tag="336" ind1=" " ind2=" ">
      <subfield code="a">tekst</subfield>
      <subfield code="b">txt</subfield>
      <subfield code="2">rdacontent/dut</subfield>
    </datafield>
    <datafield tag="337" ind1=" " ind2=" ">
      <subfield code="a">zonder medium</subfield>
      <subfield code="b">n</subfield>
      <subfield code="2">rdamedia/dut</subfield>
    </datafield>
    <datafield tag="338" ind1=" " ind2=" ">
      <subfield code="a">band</subfield>
      <subfield code="b">nc</subfield>
      <subfield code="2">rdacarrier/dut</subfield>
    </datafield>
    <datafield tag="500" ind1=" " ind2=" ">
      <subfield code="a">1#*-2* 8 A-K 8 2 A-2V 8 2 2X 4 2#* 2 A-2X 8 3#* 2 A-2M 8 2N 4.</subfield>
    </datafield>
    <datafield tag="500" ind1=" " ind2=" ">
      <subfield code="a">Auteur: Hugo Franciscus van Heussen.</subfield>
    </datafield>
    <datafield tag="500" ind1=" " ind2=" ">
      <subfield code="a">Vertaler: H. van Rijn.</subfield>
    </datafield>
    <datafield tag="500" ind1=" " ind2=" ">
      <subfield code="a">Dl. 2-3: R. H. F. i.p.v. H. F. R.</subfield>
    </datafield>
    <datafield tag="500" ind1=" " ind2=" ">
      <subfield code="a">Op het titelbl. van dl.1 abusievelijk: kerrelyke.</subfield>
    </datafield>
    <datafield tag="650" ind1=" " ind2="7">
      <subfield code="a">11.50 church history and history of doctrine: general.</subfield>
      <subfield code="0">(NL-LeOCL)077594320</subfield>
      <subfield code="2">bcl</subfield>
    </datafield>
    <datafield tag="650" ind1="1" ind2="7">
      <subfield code="a">Kerkgeschiedenis (wetenschap)</subfield>
      <subfield code="2">gtt</subfield>
      <subfield code="0">(NL-LeOCL)078557801</subfield>
    </datafield>
    <datafield tag="651" ind1=" " ind2="7">
      <subfield code="a">Nederland.</subfield>
      <subfield code="2">gtt</subfield>
      <subfield code="0">(NL-LeOCL)078600987</subfield>
    </datafield>
    <datafield tag="650" ind1=" " ind2="7">
      <subfield code="a">Nederland.</subfield>
      <subfield code="2">nbdbt</subfield>
      <subfield code="0">(NL-LeOCL)077972988</subfield>
    </datafield>
    <datafield tag="650" ind1=" " ind2="7">
      <subfield code="a">Kerkgeschiedenis.</subfield>
      <subfield code="2">nbdbt</subfield>
      <subfield code="0">(NL-LeOCL)07797686X</subfield>
    </datafield>
    <datafield tag="700" ind1="1" ind2=" ">
      <subfield code="a">Rijn, Hendrik van,</subfield>
      <subfield code="d">ca. 1666-1732.</subfield>
      <subfield code="1">https://id.oclc.org/worldcat/entity/E39PCjv4DQbpCgvVJXBtjVw7gX</subfield>
    </datafield>
    <datafield tag="710" ind1="2" ind2=" ">
      <subfield code="a">S.n. (Antwerpen)</subfield>
      <subfield code="4">prt</subfield>
      <subfield code="0">(NL-LeOCL)077166930</subfield>
    </datafield>
    <datafield tag="710" ind1="0" ind2=" ">
      <subfield code="a">Vermey, Christiaan (Leiden)</subfield>
      <subfield code="4">prt</subfield>
      <subfield code="0">(NL-LeOCL)077134389</subfield>
    </datafield>
    <datafield tag="765" ind1="0" ind2=" ">
      <subfield code="t">Batavia sacra, sive Res gestæ apostolicorum virorum, qui fidem Bataviæ primi intulerunt,</subfield>
      <subfield code="d">1714</subfield>
    </datafield>
    <datafield tag="776" ind1="0" ind2=" ">
      <subfield code="t">Batavia sacra, of kerrelyke historie en oudheden van Batavia,</subfield>
      <subfield code="w">(NL-LeOCL)399231978</subfield>
    </datafield>
    <datafield tag="936" ind1=" " ind2=" ">
      <subfield code="a">BATCHLOAD</subfield>
    </datafield>
  </record>